000 00483nam a2200145 4500
999 _c10681
_d10681
008 180914b ||||| |||| 00| 0 eng d
022 _a2094-8042
082 _aDPer 370.105 M72 Jan-Dec 2011 v59-60
100 _931169
_aNieva, Junart Kim S.
245 _aTo that annoying part of life/
_cJunart Kim S. Nieva.
260 _aPhilippines:
_bIn the Grade School, Inc.,
_cc2011.
300 _av60 n4, page 153:
_billustrations;
_c27cm.
650 0 _931170
_aPoetry.
942 _2ddc
_cPER